L'Informatique

Αποθηκεύτηκε σε:
Λεπτομέρειες βιβλιογραφικής εγγραφής
Μορφή: Βιβλίο
Γλώσσα:Undetermined
Έκδοση: Paris Larousse 1971
Θέματα:
Ετικέτες: Προσθήκη ετικέτας
Δεν υπάρχουν, Καταχωρήστε ετικέτα πρώτοι!
Thư viện lưu trữ: Trung tâm Học liệu Trường Đại học Cần Thơ
LEADER 00475nam a2200169Ia 4500
001 CTU_83551
008 210402s9999 xx 000 0 und d
082 |a 001.6 
082 |b L735 
245 0 |a L'Informatique 
245 0 |c Jean Borjeix ... [ et al. ] 
260 |a Paris 
260 |b Larousse 
260 |c 1971 
650 |a Computer programming,Computers,Electronic data processing 
904 |i Qhieu(sửa) 
980 |a Trung tâm Học liệu Trường Đại học Cần Thơ